Systém manažérstva kvality na strednej škole

Bibliographic Details
Main Author: Jambor, Jaroslav (Author)
Format: Article
Language:Slovak

MARC

LEADER 00000nab a2200000 a 4500
001 vtls011117191
003 SK-MaSNL
005 20260304030143.0
008 250310|2003 xo |||||||||||||||||slo|
015 |a SNBRB 
035 |a (uuid)4cdb3106-04c6-431b-a37f-846e52c63cdb 
035 |a (urnnbn)urn:nbn:sk:snk:ar-a08lgt 
035 |a urn:nbn:sk:snk-ab9nly 
040 |a SNKBUCL  |b slo  |c SNKBUCL  |e AACR2 
041 0 |a slo 
044 |a xo  |c SK 
100 1 |a Jambor, Jaroslav  |4 aut  |9 603592 
245 1 0 |a Systém manažérstva kvality na strednej škole  |c Jaroslav Jambor 
773 0 |t Kvalita : odborný časopis Slovenskej spoločnosti pre kvalitu  |g Roč. 11, č. 2 (2003), s. 18-20 
958 |a OND 
958 |a EUIPO 
958 |a article13 
999 |c 2631979  |d 2633909